[Event "AUT-chT2W 9495"]
[Site "Austria"]
[Date "1994.??.??"]
[Round "?.8"]
[White "Herold, Michael"]
[Black "Schenkenfelder, Roland"]
[Result "1/2-1/2"]
[WhiteElo "1645"]
[BlackElo "1850"]
[PlyCount "37"]
[EventDate "1994.??.??"]
[EventType "team"]
[EventRounds "9"]
[EventCountry "AUT"]
[SourceTitle "EXT 1999"]
[Source "ChessBase"]
[SourceDate "1998.11.16"]
[SourceVersion "1"]
[SourceVersionDate "1998.11.16"]
[SourceQuality "1"]

1. e4 e6 2. d4 d5 3. exd5 exd5 4. Bd3 Bd6 5. c3 c6 6. h3 Ne7 7. Qc2 Be6 8. Nf3 h6 9. Ne5 Bxe5 10. dxe5 Nd7 11. f4 Nc5 12. Be3 Nxd3+ 13. Qxd3 Bf5 14. Qe2 h5 15. Bc5 Ng6 16. 0-0 Nf8 17. Kh1 Ne6 18. Bd6 Qb6 19. Qf2 1/2-1/2